Teora̕ general del derecho

Bibliographic Details
Main Author: Peą Peą, Rogelio Enrique
Format: eBook
Language:Spanish
Published: Bogot ̀: Ecoe Ediciones, 2011.
Edition:1a. ed.
Series:Ciencias polt̕icas. Derecho.
Subjects:
Online Access:Acceso restringido

MARC

LEADER 00000nam a2200000 a 4500
005 20120614180142.0
006 m u
007 cr cn|||||||||
008 201205r2011 ck |||||s|||||||||||spa d
020 |a 9789586487504 
035 |a 6260 
040 |a FlNmELB  |c FlNmELB  |d BUS  |d vLex 
050 1 4 |a K235  |b P349 2011eb 
050 1 4 |a K235  |b P349 2011eb 
080 |a 34 
082 0 4 |a 340.1  |2 22 
090 |c 3182  |d 3182 
100 1 |a Peą Peą, Rogelio Enrique. 
245 1 0 |a Teora̕ general del derecho  |h [Recurso electrn̤ico] /  |c Rogelio Enrique Peą Peą. 
250 |a 1a. ed. 
256 |a Servicio en ln̕ea. 
260 |a Bogot ̀:  |b Ecoe Ediciones,  |c 2011. 
300 |a 1 recurso electrn̤ico 
490 1 |a Ciencias polt̕icas. Derecho. 
500 |a Incluye n̕dice alfabťico. 
500 |a Incluye datos biogrf̀icos y foto del autor en solapa. 
506 1 |a Contenido solo disponible en los productos indicados  |d vLex Global   |d vLex Global (Academic Edition, excluding Law Schools)   |d vLex Global (U.S. Academic Edition, Law Schools)   |d vLex Global (U.S. Academic Edition, excluding Law Schools)   |d vLex Global (Academic Edition, Law Schools)  
650 0 4 |a Derecho  |z Colombia 
740 0 |a vLex Libros (Servicio en ln̕ea) 
856 4 0 |u http://vlex.com/source/teoria-general-derecho-6260  |z Acceso restringido 
942 |c BOOK 
999 0 |a Law